000 00600nam a2200229Ia 4500
003 OSt
005 20221007075606.0
006 a|||||r|||| 00| 0
007 ta
008 221006b |||||||| |||| 00| 0 eng d
024 _a17,816
037 _cTextual
040 _aFLL
_cFLL
_beng
041 _2eng
_aeng
082 _aY15.2.N7, L7
100 _aJacobson Doranne
_9135460
245 0 _aWomen in India
260 _aNew Delhi
_bManohar Publications India
_c1977
300 _a144p
_ccm.
942 _hY15.2.N7, L7
_cTEXL
_2CC
999 _c1156670
_d1156670